ბათუმის შოთა რუსთაველის სახელმწიფო უნივერსიტეტის ბიბლიოთეკა

ჩანაწერი Corporate Name

ჩანაწერთა რაოდენობა, რომელიც გამოყენებულია: 1

001 - CONTROL NUMBER

  • control field: 16558

003 - CONTROL NUMBER IDENTIFIER

  • control field: GE_BSU

005 - DATE AND TIME OF LATEST TRANSACTION

  • control field: 20221223165308.0

008 - FIXED-LENGTH DATA ELEMENTS

  • fixed length control field: 221223|| aca||aabn | a|a d

040 ## - CATALOGING SOURCE

  • Original cataloging agency: GE_BSU
  • Transcribing agency: GE_BSU

110 ## - HEADING--CORPORATE NAME

  • Corporate name or jurisdiction name as entry element: თბილ. უნ-ტის ბერძნულ-ლათინური ბიბ-კა.

670 ## - SOURCE DATA FOUND

  • Source citation: Work cat.: (GE_BSU)36328: ქსენოფონტი, დაახლოებით 430-255 ჩ.წ.ა., ავტორი. 748, მოგონებები სოკრატეზე - სოკრატეს აპოლოგია /